Indikátory, zelené účetnictví a environmentální statistika - informační požadavky pro udržitelný rozvoj
Udržateľný rozvoj - potreba rovnováhy udržateľnosti a rozvoja. Vymedzenie štatistického chápania. Okruh environmentálneho ekonomického účtovníctva. Výsledky.
Salvato in:
| Autore principale: | |
|---|---|
| Natura: | Capitolo di libro |
| Lingua: | ceco |
| Soggetti: | |
| Tags: |
Nessun Tag, puoi essere il primo ad aggiungerne!!
|
MARC
| LEADER | 00000naa$a2200000$$$4500 | ||
|---|---|---|---|
| 001 | 0028943 | ||
| 005 | 20231013081306.7 | ||
| 041 | 0 | |a cze | |
| 044 | |a CZ | ||
| 245 | 1 | 0 | |a Indikátory, zelené účetnictví a environmentální statistika - informační požadavky pro udržitelný rozvoj |c Walter Radermacher |
| 520 | |a Udržateľný rozvoj - potreba rovnováhy udržateľnosti a rozvoja. Vymedzenie štatistického chápania. Okruh environmentálneho ekonomického účtovníctva. Výsledky. | ||
| 610 | 2 | 0 | |a rozvoj trvalo udržateľný |
| 610 | 2 | 0 | |a environmentalistika |
| 610 | 2 | 0 | |a štatistika |
| 610 | 2 | 0 | |a účtovníctvo |
| 610 | 2 | 0 | |a účtovníctvo ekologické |
| 610 | 2 | 0 | |a ochrana prírody |
| 100 | 1 | |a Radermacher, Walter | |